00374pam a2200133 a 4500020000500000041000800005100001500013245004300028260002800071300001000099930001000109999001700119952010400136 c aeng aWeke John. aHuman UnderstandinghTextual Documents a[s.l]:bGeorge Routedge a624p. a15288 c92188d92188 001040708General aYMPbYMPd2021-07-11l0o pYMP-90485r2023-02-24 00:00:00t1w2023-02-24yBK